ARRUPE JESUIT UNIVERSITY

CORONAVIRUS -STOP THE SPREAD - CLEAN,DISINFECT,COVER

Motivating your child (Record no. 119563)

MARC details
000 -LEADER
fixed length control field 00448nam a22001337a 4500
005 - DATE AND TIME OF LATEST TRANSACTION
control field 20140222020015.0
008 - FIXED-LENGTH DATA ELEMENTS--GENERAL INFORMATION
fixed length control field 140114b xxu||||| |||| 00| 0 eng d
050 ## - LIBRARY OF CONGRESS CALL NUMBER
Classification number LBB1065.
Item number H332 1998
100 ## - MAIN ENTRY--PERSONAL NAME
Personal name Hartley-Brewer, Elizabeth
9 (RLIN) 6641
245 ## - TITLE STATEMENT
Title Motivating your child
Remainder of title Tools and tactics to help your child be a self-starter
Statement of responsibility, etc Hartley-Brewer, Elizabeth
260 ## - PUBLICATION, DISTRIBUTION, ETC. (IMPRINT)
Place of publication, distribution, etc London
Name of publisher, distributor, etc Vermilion
Date of publication, distribution, etc 1998
300 ## - PHYSICAL DESCRIPTION
Extent 234p.;
Dimensions 20cm
942 ## - ADDED ENTRY ELEMENTS (KOHA)
Source of classification or shelving scheme Library of Congress Classification
Item type Monograph ( Printed materials)
Koha issues (borrowed), all copies 1
Holdings
Withdrawn status Lost status Source of classification or shelving scheme Damaged status Not for loan Collection code Home library Current library Shelving location Date acquired Total Checkouts Full call number Barcode Date last seen Date last borrowed Price effective from Koha item type
    Library of Congress Classification     Main Collection ARRUPE LIBRARY ARRUPE LIBRARY Main Collection 14/01/2014 6 LB1065. H332 1998 464122883 28/06/2018 24/02/2017 14/01/2014 Monograph ( Printed materials)

 

Arrupe Library. PO Box MP320 Mt Pleasant, Harare, Zimbabwe
263 242 745411|librarian@aju.ac.zw